| 000 | 00490nam a22001337a 4500 | ||
|---|---|---|---|
| 003 | SGT | ||
| 082 |
_a617.84 _bC21K |
||
| 100 | _aKHAN, IMRAN MUSHTAQ | ||
| 245 | _aComparative Study Of High Intensity Interval Training And High Intensity Circuit Training On Agility Spees Strength And Cardiopolmonary Endurance In Aspiring State Level Cricket Players | ||
| 260 |
_aSGT UNIVERSITY _c2021 |
||
| 300 | _a122 | ||
| 650 | _aComparative Study Of High Intensity Interval Training | ||
| 942 |
_2ddc _cTH |
||
| 999 |
_c26366 _d26366 |
||